Rok ochrany Európskej prírody
Rok 1995 je z iniciatívy Rady Európy Rokom ochrany prírody (European Nature Conservation Year - ENCY 1995). Zameranie kampane k roku ochrany európskej prírody. Koordinácie kampane Európskou Radou na jednotlivé krajiny Európy. Štyri princípy odporúčané pre národnú kampaň ENCY 1995 na podmienky Sloven...
Guardado en:
| Formato: | Capítulo de libro |
|---|---|
| Lenguaje: | eslovaco |
| Materias: | |
| Etiquetas: |
Sin Etiquetas, Sea el primero en etiquetar este registro!
|
MARC
| LEADER | 00000naa a2200000 4500 | ||
|---|---|---|---|
| 001 | r015969 | ||
| 005 | 20221213114857.2 | ||
| 041 | 0 | |a slo | |
| 044 | |a SK | ||
| 245 | 1 | 0 | |a Rok ochrany Európskej prírody |
| 520 | |a Rok 1995 je z iniciatívy Rady Európy Rokom ochrany prírody (European Nature Conservation Year - ENCY 1995). Zameranie kampane k roku ochrany európskej prírody. Koordinácie kampane Európskou Radou na jednotlivé krajiny Európy. Štyri princípy odporúčané pre národnú kampaň ENCY 1995 na podmienky Slovenska. Formy propagácie kampane ENCY 1995. | ||
| 610 | 2 | 0 | |a ENCY |
| 610 | 2 | 0 | |a ochrana prostredia životného |
| 610 | 2 | 0 | |a Európa |
| 610 | 2 | 0 | |a príroda |
| 610 | 2 | 0 | |a Rada Európy |